Нормален изглед
MARC изглед
- Пантелеева, Анета Димитрова
Вход 01. Лично име
001 - Контролен номер на записа
- Контролно поле: 389684
003 - Код на организацията, даваща контролен номер
- Контролно поле: BLK
005 - Дата и час на последна промяна на записа
- Контролно поле: 20180829104834.0
008 - Данни с фиксирана дължина – обща информация
- Данни с фиксирана дължина : 180829|| aca||aabn | a|a d
100 ## - ИМЕ НА ЛИЦЕ -ПЪРВИЧНА ИНТЕЛЕКТУАЛНА ОТГОВОРНОСТ
- Лично име: Пантелеева, Анета Димитрова
942 ## - Системна служебна употреба
- Koha auth type: PERSO_NAME